[Event "4th Hostafrancs op"]
[Site "?"]
[Date "2002.??.??"]
[Round "?"]
[White "Lalic, Bogdan"]
[Black "Narciso Dublan, Marc"]
[WhiteElo "2540"]
[BlackElo "2460"]
[Result "0-1"]

1. d4 d5 2. c4 e6 3. Nf3 c5 4. cxd5 exd5 5. g3 Nf6 6. Bg2 Be7 7. O-O O-O 8. dxc5 Na6 9. b3 Nxc5 10. Bb2 Bg4 11. Nc3 Nce4 12. h3 Nxc3 13. Bxc3 Bf5 14. Qd4 Rc8 15. Rac1 Ba3 16. Bb2 Qa5 17. Rxc8 Rxc8 18. Qf4 Bxb2 19. Qxf5 Rc7 20. Qb1 Qc3 21. Rd1 Qc2 22. Qxc2 Rxc2 23. Ne1 Rxe2 24. Kf1 Re7 25. Nd3 Bc3 26. Nf4 d4 27. Ne2 g6 28. Rd3 Ba1 29. Rd1 Bc3 30. Rd3 Ba1 31. Rd1 Bc3 

0-1

[Event "4th Open Internazionale"]
[Site "?"]
[Date "2009.11.24"]
[Round "?"]
[White "Kunin, Vitaly"]
[Black "Narciso Dublan, Marc"]
[WhiteElo "2532"]
[BlackElo "2510"]
[Result "0-1"]

1. d4 e6 2. c4 f5 3. Nf3 Nf6 4. g3 c6 5. Bg2 d5 6. O-O Bd6 7. b3 Qe7 8. Ne5 O-O 9. Nd2 Bd7 10. Ndf3 Be8 11. Nd3 Nbd7 12. Bf4 Bxf4 13. Nxf4 Rc8 14. Rc1 dxc4 15. bxc4 e5 16. dxe5 Nxe5 17. Nd4 Qd7 18. Nde6 Qxd1 19. Rfxd1 Rf7 20. c5 Re7 21. Rb1 Ng6 22. Nxg6 Bxg6 23. Rd8+ Rxd8 24. Nxd8 Rxe2 25. Nxb7 Ne4 26. Bf1 Rc2 27. Nd6 h5 28. Rb8+ Kh7 29. Nxe4 fxe4 30. Ra8 Rxa2 31. Rc8 Ra1 32. Kg2 Bf5 33. Rc7 Bg4 34. Bc4 a5 35. Rxc6 Bf3+ 36. Kh3 g5 37. Rc7+ Kg6 38. Rc6+ Kg7 39. Rc7+ Kf6 40. Rf7+ Kg6 41. Ra7 Rg1 42. Bf7+ Kf5 43. Bxh5 Bg2# 

0-1

[Event "ch-Catalunya"]
[Site "?"]
[Date "2009.05.20"]
[Round "?"]
[White "Magem Badals, Jordi"]
[Black "Narciso Dublan, Marc"]
[WhiteElo "2531"]
[BlackElo "2534"]
[Result "0-1"]

1. e4 e5 2. Bc4 Nf6 3. d3 c6 4. Nf3 Be7 5. O-O d6 6. a3 O-O 7. Ba2 Nbd7 8. Nc3 Qc7 9. h3 b5 10. Nh2 a5 11. f4 b4 12. Ne2 d5 13. fxe5 Nxe5 14. d4 Ng6 15. e5 Ne4 16. Be3 Ba6 17. Rf3 Rab8 18. a4 Nh4 19. Rf4 Qd8 20. Ng4 Bg5 21. Rxe4 dxe4 22. Ng3 Bxe3+ 23. Nxe3 Qg5 24. Qe1 c5 25. Nxe4 Nf3+ 26. Kh1 Nxe1 27. Nxg5 Nxc2 28. Nxc2 b3 29. e6 bxa2 30. Rxa2 fxe6 31. dxc5 Rf5 32. Nf3 Rxc5 33. Ncd4 e5 34. Ne6 Rc1+ 35. Kh2 Bc4 

0-1

[Event "9th Sevilla Spain, Open"]
[Site "?"]
[Date "2014.01.15"]
[Round "?"]
[White "Matamoros Franco, Carlos S"]
[Black "Narciso Dublan, Marc"]
[WhiteElo "2531"]
[BlackElo "2521"]
[Result "0-1"]

1. Nf3 f5 2. c4 Nf6 3. g3 e6 4. Bg2 Be7 5. O-O O-O 6. d4 d5 7. Nbd2 Nc6 8. b3 a5 9. a3 Bd7 10. Bb2 Ne4 11. Ne1 a4 12. b4 Na7 13. Nef3 Nc8 14. Ne5 Ncd6 15. c5 Nf7 16. Nxd7 Qxd7 17. Nxe4 fxe4 18. f3 exf3 19. exf3 Bf6 20. f4 b6 21. Qe2 Rfe8 22. Rad1 c6 23. Bh3 Re7 24. Rfe1 Rae8 25. Rd3 bxc5 26. bxc5 Qa7 27. Re3 Nd8 28. Qc2 g6 29. Bg4 Rb7 30. Bxe6+ Kg7 31. f5 g5 32. Kg2 Qb8 33. Ba1 Rb3 34. Qd1 Re7 35. h4 Nxe6 36. fxe6 Rxe6 37. Rxb3 Rxe1 38. Rb7+ Qxb7 39. Qxe1 Qe7 40. Qf2 Qe4+ 41. Kh2 gxh4 42. Bb2 Qg4 43. gxh4 Qxh4+ 44. Qxh4 Bxh4 

0-1

[Event "ESP-ch"]
[Site "?"]
[Date "1999.08.22"]
[Round "?"]
[White "Magem Badals, Jordi"]
[Black "Narciso Dublan, Marc"]
[WhiteElo "2528"]
[BlackElo "2447"]
[Result "0-1"]

1. e4 Nc6 2. Nf3 e5 3. d4 exd4 4. Nxd4 Nf6 5. Nxc6 bxc6 6. e5 Qe7 7. Qe2 Nd5 8. c4 Ba6 9. b3 O-O-O 10. g3 f6 11. Bb2 fxe5 12. Bg2 e4 13. O-O e3 14. f4 Qb4 15. Kh1 h5 16. h4 Re8 17. Rf3 Bc5 18. Bxg7 Rhg8 19. Bb2 Rxg3 20. Rxg3 Nxf4 21. Qf3 e2 22. Nc3 e1=Q+ 23. Rxe1 Rxe1+ 24. Bf1 Bxc4 25. bxc4 Qxc4 26. Rg1 Nd3 27. Qg3 Bxg1 28. Qxe1 Qf4 29. Qe8+ Kb7 30. Qe2 Bc5 31. Kg2 Qxh4 32. Qxd3 Qf2+ 33. Kh3 Bd6 34. Bg2 Qf4 35. Qxd6 cxd6 36. Ne4 d5 37. Ng3 Qg4+ 38. Kh2 Qh4+ 39. Bh3 Qf4 

0-1

[Event "French Championship"]
[Site "?"]
[Date "2001.02.02"]
[Round "?"]
[White "Hauchard, Arnaud"]
[Black "Narciso Dublan, Marc"]
[WhiteElo "2527"]
[BlackElo "2529"]
[Result "0-1"]

1. c4 e5 2. Nc3 Nf6 3. Nf3 Nc6 4. a3 d5 5. cxd5 Nxd5 6. Qc2 Be7 7. e3 a6 8. b4 Nxc3 9. dxc3 f5 10. e4 O-O 11. Bd3 f4 12. Bb2 Qe8 13. Bc4+ Kh8 14. Bd5 Bf6 15. O-O Ne7 16. Bc4 g5 17. Nd2 g4 18. g3 Qh5 19. Rfe1 Bg5 20. Bf1 fxg3 21. hxg3 Rxf2 22. Kxf2 Qh2+ 23. Bg2 Be6 24. Rg1 Rd8 25. Rad1 Rf8+ 26. Ke2 Qxg3 27. Rdf1 Qe3+ 28. Kd1 Rd8 29. Bc1 Bb3 30. Rf8+ Rxf8 

0-1

[Event "Mondariz zt 1.1"]
[Site "?"]
[Date "2000.09.05"]
[Round "?"]
[White "Efimov, Igor"]
[Black "Narciso Dublan, Marc"]
[WhiteElo "2520"]
[BlackElo "2507"]
[Result "0-1"]

1. d4 d5 2. c4 e6 3. Nf3 Nf6 4. e3 Be7 5. Bd3 dxc4 6. Bxc4 c5 7. O-O O-O 8. Qe2 cxd4 9. Rd1 Nc6 10. exd4 Na5 11. Bd3 b6 12. Nc3 Bb7 13. Bg5 Rc8 14. Rac1 h6 15. Bf4 Nd5 16. Bd2 Nxc3 17. bxc3 Ba3 18. Rb1 Qe7 19. Ne5 Bd6 20. f4 Rfd8 21. Rf1 Rc7 22. Rbe1 Bd5 23. Qh5 f5 24. g4 Bxe5 25. fxe5 Bc4 26. Bb1 Bxf1 27. Rxf1 Nc4 28. Bc1 Nxe5 29. gxf5 Rxc3 30. fxe6 Nf3+ 31. Kh1 Qxe6 32. Bg6 Qe2 33. Qh3 Nh4 34. Bf7+ Kh8 35. Bh5 Qxh5 

0-1